Expulsados: el país de los excluídos /

Збережено в:
Бібліографічні деталі
Автор: Tagle, Sergio
Формат: Текст
Предмети:
Теги: Додати тег
Немає тегів, Будьте першим, хто поставить тег для цього запису!

MARC

LEADER 00000 a a2200000 04500
001 4856
003
040
100 |a Tagle, Sergio  
245 |a Expulsados:   |b el país de los excluídos /  |c Sergio Tagle 
650 |a TRABAJO  
650 |a DISCRIMINACION  
650 |a GENERO  
650 |a DESEMPLEO  
773 |g volumen 2, número 10; páginas 34-39  
999 |c 30057  |d 30057